Impact of adolescent pregnancy on immunity, morbidity and nutrition of child and mothers / (Record no. 79843)
[ view plain ]
| 000 -LEADER | |
|---|---|
| fixed length control field | 01218nam a22002777a 4500 |
| 001 - CONTROL NUMBER | |
| RUCL Control Number | 79843 |
| 003 - CONTROL NUMBER IDENTIFIER | |
| rucl marc code | BD-RjUL |
| 005 - DATE AND TIME OF LATEST TRANSACTION | |
| control field | 20230619125325.0 |
| 008 - FIXED-LENGTH DATA ELEMENTS--GENERAL INFORMATION | |
| fixed length control field | 220524s2009 bg a|||| m||| 00| 0 eng d |
| 035 ## - SYSTEM CONTROL NUMBER | |
| system control number | (BD-RjUL)79843 |
| 040 ## - CATALOGING SOURCE | |
| Original cataloging agency | BD-RjUL |
| Language of cataloging | eng |
| Transcribing agency | BD-RjUL |
| Modifying agency | BD-RjUL |
| 041 ## - LANGUAGE CODE | |
| Language code of Book | eng |
| 082 ## - DEWEY DECIMAL CLASSIFICATION NUMBER | |
| DDC Edition number | 23 |
| Classification number | 618.20083 |
| Author mark and Year | SHI 2009 |
| 100 ## - MAIN ENTRY--PERSONAL NAME | |
| Personal name | Shelley, Farida Easmin |
| 9 (RLIN) | 3158 |
| 245 10 - TITLE STATEMENT | |
| Title | Impact of adolescent pregnancy on immunity, morbidity and nutrition of child and mothers / |
| Statement of responsibility, etc | By Farida Easmin Shelly ; |
| Name of Supervisor/Co-Supervisor | Principal Supervisor : Parvez Hassan, Co-Supervisor : Abdul Kalam Azad, Co-Supervisor : M A. Gafur |
| 260 ## - PUBLICATION, DISTRIBUTION, ETC. (IMPRINT) | |
| Place of publication, distribution, etc | Rajshahi : |
| Name of publisher, distributor, etc | Molecular Biology Laboratory Institute of Biological Sciences, University of Rajshahi. |
| Date of publication, distribution, etc | 2009. |
| 300 ## - PHYSICAL DESCRIPTION | |
| Pagination | [11], 94 leaves : |
| Other physical details | ill, ; |
| Dimensions | 29.cm. |
| 502 ## - DISSERTATION NOTE | |
| Dissertation note | Thesis (Ph. D.) -- Molecular Biology Laboratory Institute of Biological Sciences, University of Rajshahi. |
| 504 ## - BIBLIOGRAPHY, ETC. NOTE | |
| Bibliography, etc | Bibliography : Leaves 76 - 82 |
| 650 ## - SUBJECT ADDED ENTRY--TOPICAL TERM | |
| Topical term or geographic name as entry element | Gynecology |
| Form subdivision | Impact |
| 9 (RLIN) | 3159 |
| Topical term or geographic name as entry element | Young People |
| Form subdivision | Child and Mother |
| 9 (RLIN) | 3160 |
| 700 ## - ADDED ENTRY--SUPERVISOR/CO-SUPERVISOR NAME | |
| Personal name | Hassan, Parvez, Principal Supervisor |
| 9 (RLIN) | 3111 |
| Personal name | Azad, Abdul, Kalam, Co-Supervisor |
| 9 (RLIN) | 3161 |
| Personal name | Gafur, M A. Co-Supervisor |
| 9 (RLIN) | 3162 |
| 942 ## - ADDED ENTRY ELEMENTS (KOHA) | |
| Source of classification or shelving scheme | Dewey Decimal Classification |
| Koha item type | Theses |
| Source of classification or shelving scheme | Damaged status | Not for loan | Collection code | Permanent Location | Current Location | Shelving location | Date of accession | Source of acquisition | Total Checkouts | Full call number | Barcode | Date last seen | Copy number | Thesis |
|---|---|---|---|---|---|---|---|---|---|---|---|---|---|---|
| Dewey Decimal Classification | Not For Loan | Theses | Central Library, University of Rajshahi | Central Library, University of Rajshahi | Documentation Section | 11/11/2017 | Controller of Exam. R.U | THE 618.20083 SHI 2009 | D3289 | 24/05/2022 | C-1 | Theses |